01997 a2200169 45000010006000000050017000060080041000230030015000640400040000790800034001192450063001532640080002163000019002965051454003151000037017697000021018062961520260407155606.0260407a1972 arg spa dAR-UNSa-BCEJYS aAR-UNSa-BCEJYSbspacAR-UNSa-BCEJYS a657.312xTipo de presupuestos10aPresupuestos , planificación y control de las utilidades 1aMéxico :bUnión Tipográfica Editorial Hispano-Americana (UTEHA)c1972 a696 p.c24 cm. a1. La planificación y el control de las utilidades y el proceso de dirección - 2. Los principios fundamentales de la planificación y el control de las utilidades - 3. Bosquejo de la planificación y el control completos de las utilidades - 4. Ilustración de la planificación y el control completos de las utilidades - 5. Planificacion y control de ventas - 6. Planificación de la producción: Necesidades de inventarios de productos terminados y productos en proceso de fabricación - 7. Planificación y control del uso y las compras de materiales - 8. Planificación y control de los costos de mano de obra directa - 9. Planificación de los gastos. Carga fabril, gastos de distribución y de sistribución - 10. Desarrollo y aplicación de los presupuestos variables de gastos - 11. Planificación y control de las erogaciones capitalizables - 12. Planificación y control de efectivo - 13. Terminación y aplicación del plan de utilidades - 14. Técnicas del análisis de costos, volúmenes y utilidades y su aplicación en la dirección empresarial (análisis del punto de equilibrio) - 15. Informes de resultados para el control de la dirección - 16. Análisis de las variaciones con respecto al presupuesto - 17. La planificación y el control de las utilidades y su relación con el sistema de contabilidad - 18. Planificación y control presupuestarios para empresas no fabriles - 19. Panorama general 1 aFernández Cepero, Manuel de J.1 aWelsch, Glenn A.